000 00661nam a2200241 a 4500
999 _c7406
_d7406
001 7406
003 BD-JhCC
005 20180208183553.0
008 171230b2008 bg a|||| ||a| 000 0 eng d
020 _a9848272321
035 _a(BD-JhCC)7406
040 _aBD-JhCC
_dBD-JhCC
041 _aeng
082 _a570
_bBIS 2009
100 _aBiswas, Pran Bandhu
245 _aA Textbook of Higher Secondary Biology Second Paper :
_bZoology theoretical and practical /
_cPran Bandhu Biswas
260 _aDhaka :
_bMullick Brothers,
_c2009.
300 _a328 p. :
_billus,
_c27 cm.
650 _aZoology
650 _aBiology
942 _2ddc
_cBK